[Event "6. Torneo IRT Móstoles 2013"]
[Site "Madrid ESP"]
[Date "2013.07.16"]
[Round "1.1"]
[White "Montes De Santiago, Fernando"]
[Black "Arribas Lopez, Angel"]
[Result "0-1"]
[WhiteElo "1849"]
[BlackElo "2494"]
[PlyCount "66"]
[EventDate "2013.07.16"]
[EventType "swiss"]
[EventRounds "9"]
[EventCountry "ESP"]
[Source "lmi"]
[SourceDate "2013.07.15"]

1. d4 d6 2. Nf3 g6 3. Bf4 Bg7 4. e3 Nd7 5. Bd3 e5 6. Bg3 Qe7 7. Be2 h5 8. h4
Nh6 9. c3 Nf5 10. Nbd2 Nxg3 11. fxg3 exd4 12. exd4 Nf6 13. O-O Bh6 14. Bc4 d5
15. Bb3 Ng4 16. Qe1 Be3+ 17. Kh1 Bf5 18. Nh2 O-O-O 19. Rf3 Rhe8 20. Ndf1 Bh6
21. Qd1 Be4 22. Nxg4 hxg4 23. Rf2 f5 24. Nd2 Qd6 25. Nf1 Rh8 26. Kg1 g5 27. Bc2
gxh4 28. gxh4 Bf4 29. Rxf4 Qxf4 30. g3 Qd6 31. Bxe4 dxe4 32. Qc1 Rdf8 33. Qg5
Rhg8 0-1

[Event "6. Torneo IRT Móstoles 2013"]
[Site "Madrid ESP"]
[Date "2013.07.16"]
[Round "1.2"]
[White "Almagro Llamas, Pablo"]
[Black "Hernandez Gutierrez, Jose"]
[Result "1-0"]
[WhiteElo "2473"]
[BlackElo "1847"]
[PlyCount "69"]
[EventDate "2013.07.16"]
[EventType "swiss"]
[EventRounds "9"]
[EventCountry "ESP"]
[Source "lmi"]
[SourceDate "2013.07.15"]

1. e4 c6 2. d4 d5 3. e5 Bf5 4. Nc3 e6 5. g4 Bg6 6. Nge2 c5 7. h4 h5 8. Nf4 Bh7
9. Nxh5 Nc6 10. Bb5 cxd4 11. Qxd4 Bxc2 12. Bg5 Qa5 13. Rc1 Be4 14. O-O Qxb5 15.
Nxb5 Nxd4 16. Nxd4 Be7 17. Rc7 Bxg5 18. hxg5 g6 19. Ng3 Bd3 20. Rfc1 Ne7 21.
Rxb7 Ba6 22. Rbc7 Kd8 23. b3 Rc8 24. Rxc8+ Bxc8 25. Nge2 a6 26. Nf4 Kd7 27. Nd3
Rd8 28. Nc5+ Ke8 29. b4 Kf8 30. Kg2 Ke8 31. a4 Kf8 32. b5 axb5 33. axb5 Bd7 34.
b6 Bc8 35. Ncxe6+ 1-0

[Event "6. Torneo IRT Móstoles 2013"]
[Site "Madrid ESP"]
[Date "2013.07.16"]
[Round "1.3"]
[White "Aguado Rodriguez, Guillermo"]
[Black "Hernando Pertierra, Jose C"]
[Result "0-1"]
[WhiteElo "1831"]
[BlackElo "2359"]
[PlyCount "112"]
[EventDate "2013.07.16"]
[EventType "swiss"]
[EventRounds "9"]
[EventCountry "ESP"]
[Source "lmi"]
[SourceDate "2013.07.15"]

1. d4 Nf6 2. Bf4 c5 3. c3 Qb6 4. Qb3 cxd4 5. Qxb6 axb6 6. cxd4 Nc6 7. Nc3 Nxd4
8. O-O-O Ne6 9. Be3 g6 10. f3 d6 11. Bxb6 Bh6+ 12. Kb1 O-O 13. e4 Bd7 14. g4
Bc6 15. h4 Nd7 16. Bf2 Rfc8 17. g5 Bg7 18. Nd5 Bxd5 19. exd5 Nf4 20. Ne2 Be5
21. Nxf4 Bxf4 22. Bh3 Rc7 23. Bxd7 Rxd7 24. Rd4 Be5 25. Rb4 Ra5 26. f4 Bg7 27.
Rd1 e6 28. dxe6 fxe6 29. Rb6 Bf8 30. Rc1 Ra4 31. Bg3 Re4 32. Rb3 d5 33. Re1
Rxe1+ 34. Bxe1 Bd6 35. Bd2 Kf7 36. Kc2 Ke7 37. Bb4 Rc7+ 38. Kd3 Rc4 39. Bxd6+
Kxd6 40. Rxb7 Rxf4 41. Rxh7 e5 42. Rh6 Kc5 43. Rxg6 Rxh4 44. Rg8 e4+ 45. Ke2
Kd4 46. g6 Rh2+ 47. Kf1 Rxb2 48. g7 Rb7 49. a4 Ke3 50. Rd8 Rf7+ 51. Ke1 Rxg7
52. Kd1 d4 53. Rh8 Rg1+ 54. Kc2 d3+ 55. Kc3 Rc1+ 56. Kb2 d2 0-1

[Event "6. Torneo IRT Móstoles 2013"]
[Site "Madrid ESP"]
[Date "2013.07.16"]
[Round "1.4"]
[White "Renteria, Jorge"]
[Black "Hernandez Garcia, Carlos"]
[Result "1-0"]
[WhiteElo "2321"]
[BlackElo "1819"]
[PlyCount "83"]
[EventDate "2013.07.16"]
[EventType "swiss"]
[EventRounds "9"]
[EventCountry "ESP"]
[Source "lmi"]
[SourceDate "2013.07.15"]

1. e4 c5 2. Nf3 d6 3. d4 cxd4 4. Nxd4 Nf6 5. Nc3 e6 6. Be3 Be7 7. f3 O-O 8. Qd2
e5 9. Nb3 Be6 10. O-O-O a6 11. g4 b5 12. Nd5 Bxd5 13. exd5 Nbd7 14. Na5 Nb8 15.
Kb1 Qc7 16. g5 Nh5 17. h4 Ng3 18. Rg1 Nxf1 19. Rgxf1 Rc8 20. f4 Bd8 21. Nb3 Nd7
22. fxe5 Nxe5 23. Nd4 b4 24. Bf4 Qc4 25. Nf5 Qc7 26. Bxe5 dxe5 27. Qg2 Qb6 28.
h5 Ra7 29. Qg4 Qc5 30. Qg2 a5 31. d6 Rd7 32. Rd5 Qc4 33. Ne3 Qa6 34. Rxe5 Bb6
35. Qc6 Qb7 36. Qxb7 Rxb7 37. Rb5 Rc5 38. Rf5 Rxb5 39. Rxb5 Rb8 40. Nd5 Ba7 41.
Rxb8+ Bxb8 42. d7 1-0

[Event "6. Torneo IRT Móstoles 2013"]
[Site "Madrid ESP"]
[Date "2013.07.16"]
[Round "1.5"]
[White "Fernandez Aragones, Pedro A"]
[Black "Sanchez Gonzalez, Sergio"]
[Result "0-1"]
[WhiteElo "1813"]
[BlackElo "2304"]
[PlyCount "60"]
[EventDate "2013.07.16"]
[EventType "swiss"]
[EventRounds "9"]
[EventCountry "ESP"]
[Source "lmi"]
[SourceDate "2013.07.15"]

1. d4 Nf6 2. c4 e6 3. Nf3 Bb4+ 4. Bd2 a5 5. g3 d6 6. Bg2 Nbd7 7. a3 Bxd2+ 8.
Nbxd2 a4 9. O-O O-O 10. Qc2 Qe7 11. e4 e5 12. Rac1 c6 13. Rfe1 Rd8 14. Nb1 g6
15. Nc3 Nb6 16. d5 Nfd7 17. Qe2 Nc5 18. Nd2 h5 19. h4 Bg4 20. f3 Bd7 21. Bf1
Rf8 22. Qe3 f5 23. exf5 gxf5 24. f4 Qg7 25. Kh2 e4 26. Be2 Be8 27. Ncxe4 fxe4
28. Nxe4 Nxe4 29. Qxe4 Bf7 30. g4 Rae8 0-1

[Event "6. Torneo IRT Móstoles 2013"]
[Site "Madrid ESP"]
[Date "2013.07.16"]
[Round "1.6"]
[White "De La Fuente Gonzalez, Francis"]
[Black "Medrano Del Val, Julio"]
[Result "1-0"]
[WhiteElo "2197"]
[BlackElo "1809"]
[PlyCount "98"]
[EventDate "2013.07.16"]
[EventType "swiss"]
[EventRounds "9"]
[EventCountry "ESP"]
[Source "lmi"]
[SourceDate "2013.07.15"]

1. Nf3 d5 2. c4 Nf6 3. cxd5 Nxd5 4. d4 c5 5. e4 Nf6 6. d5 g6 7. Nc3 Bg7 8. e5
Ng4 9. Bf4 g5 10. Bg3 Qb6 11. Qd2 O-O 12. h3 Nh6 13. Nxg5 Bf5 14. Bd3 Nd7 15.
e6 fxe6 16. dxe6 Bxe6 17. Bxh7+ Kh8 18. O-O Nf6 19. Nxe6 Qxe6 20. Rfe1 Qf7 21.
Bc2 Nh5 22. Be5 Kg8 23. Bb3 e6 24. Bxg7 Kxg7 25. Rxe6 Qf4 26. Qxf4 Nxf4 27.
Re7+ Kf6 28. Rxb7 Nf5 29. Nd5+ Nxd5 30. Bxd5 Rad8 31. Bf3 Nd4 32. Bg4 Nc2 33.
Rd1 Ke5 34. Re7+ Kf6 35. Rxa7 Rb8 36. Ra6+ Kg7 37. Rd7+ Rf7 38. Rxf7+ Kxf7 39.
b3 Nb4 40. Ra5 Ke7 41. Be2 Kd6 42. Bc4 Nc6 43. Ra6 Kc7 44. a4 Kb7 45. a5 Rd8
46. Rb6+ Kc7 47. Rb5 Ra8 48. Rxc5 Rxa5 49. Rxa5 Nxa5 1-0

[Event "6. Torneo IRT Móstoles 2013"]
[Site "Madrid ESP"]
[Date "2013.07.16"]
[Round "1.7"]
[White "Fernandez Rodriguez, Fernando"]
[Black "Fernandez Blazquez, Diego"]
[Result "0-1"]
[WhiteElo "1780"]
[BlackElo "2195"]
[PlyCount "56"]
[EventDate "2013.07.16"]
[EventType "swiss"]
[EventRounds "9"]
[EventCountry "ESP"]
[Source "lmi"]
[SourceDate "2013.07.15"]

1. d4 Nf6 2. Nf3 g6 3. c4 Bg7 4. Nc3 d5 5. Qb3 dxc4 6. Qxc4 O-O 7. e4 Na6 8.
Be2 c5 9. d5 e6 10. Bg5 exd5 11. Nxd5 Be6 12. Rd1 Bxd5 13. Rxd5 Qa5+ 14. Rd2
Rfe8 15. Bxf6 Bxf6 16. O-O Re7 17. Rfd1 Rae8 18. Bd3 Nb4 19. Bb1 Nc6 20. Rd5 b6
21. b3 Nd4 22. Nxd4 Bxd4 23. Kf1 Qa3 24. Qc1 Qa6+ 25. Qc4 b5 26. Qd3 Rxe4 27.
a4 R4e6 28. f3 Re3 0-1

[Event "6. Torneo IRT Móstoles 2013"]
[Site "Madrid ESP"]
[Date "2013.07.16"]
[Round "1.8"]
[White "Garcia Diaz, Victor"]
[Black "Vazquez Moreno, Luis"]
[Result "1-0"]
[WhiteElo "2160"]
[BlackElo "1769"]
[PlyCount "101"]
[EventDate "2013.07.16"]
[EventType "swiss"]
[EventRounds "9"]
[EventCountry "ESP"]
[Source "lmi"]
[SourceDate "2013.07.15"]

1. c4 Nf6 2. Nc3 c5 3. g3 Nc6 4. Bg2 g6 5. e3 Bg7 6. Nge2 O-O 7. O-O d6 8. d4
cxd4 9. exd4 e5 10. h3 exd4 11. Nxd4 Nxd4 12. Qxd4 Ng4 13. Qd2 Ne5 14. Qd5 Be6
15. Qxb7 Rb8 16. Qxa7 Nxc4 17. Bf4 Rxb2 18. Rac1 g5 19. Be3 Nxe3 20. Qxe3 Bxc3
21. Rxc3 Rxa2 22. Rd1 Ra5 23. Rc6 Re5 24. Qd4 Qa5 25. Rxd6 Re1+ 26. Rxe1 Qxe1+
27. Kh2 Qc1 28. Qf6 Qc5 29. Rd4 Qf5 30. Qxf5 Bxf5 31. Rd5 Bg6 32. Rxg5 f5 33.
g4 fxg4 34. Kg3 gxh3 35. Bxh3 Kf7 36. f4 h6 37. Rc5 Kg7 38. f5 Be8 39. Kf4 Kf6
40. Ra5 Ke7 41. Ke5 Bd7 42. Ra6 Re8 43. Rxh6 Kf7+ 44. Kf4 Kg7 45. Kg5 Re5 46.
Ra6 Kf7 47. Bg4 Ke7 48. Rh6 Kf7 49. Rh7+ Ke8 50. Kg6 Bxf5+ 51. Bxf5 1-0

[Event "6. Torneo IRT Móstoles 2013"]
[Site "Madrid ESP"]
[Date "2013.07.16"]
[Round "1.9"]
[White "Tolosana Esteban, Enrique"]
[Black "Dominguez Alcon, Victor"]
[Result "0-1"]
[WhiteElo "1767"]
[BlackElo "2139"]
[PlyCount "78"]
[EventDate "2013.07.16"]
[EventType "swiss"]
[EventRounds "9"]
[EventCountry "ESP"]
[Source "lmi"]
[SourceDate "2013.07.15"]

1. f4 g6 2. e4 Bg7 3. Nf3 c5 4. Nc3 Nc6 5. Bc4 e6 6. O-O Nge7 7. e5 d6 8. Ne4
dxe5 9. fxe5 Nxe5 10. Bb5+ N5c6 11. Nfg5 O-O 12. c3 a6 13. Ba4 b5 14. Bc2 Nd5
15. d3 Qe7 16. Qe1 f5 17. Ng3 h6 18. Nf3 e5 19. Bb3 Be6 20. d4 e4 21. Ne5 Nxe5
22. dxe5 c4 23. Bc2 Bf7 24. Ne2 Qxe5 25. Nf4 g5 26. Nxd5 Bxd5 27. Be3 Qe6 28.
Rd1 Rad8 29. h4 f4 30. Bc5 Rfe8 31. hxg5 hxg5 32. Bd4 Bc6 33. Qe2 Bxd4+ 34.
Rxd4 Rxd4 35. cxd4 f3 36. Qe3 Qg4 37. Rf2 Qf4 38. Qxf4 gxf4 39. gxf3 exf3 0-1

[Event "6. Torneo IRT Móstoles 2013"]
[Site "Madrid ESP"]
[Date "2013.07.16"]
[Round "1.10"]
[White "Rodriguez De Castro, Ayar"]
[Black "Villanueva Ortega, Ruben"]
[Result "1-0"]
[WhiteElo "2129"]
[BlackElo "1766"]
[PlyCount "91"]
[EventDate "2013.07.16"]
[EventType "swiss"]
[EventRounds "9"]
[EventCountry "ESP"]
[Source "lmi"]
[SourceDate "2013.07.15"]

1. d4 Nf6 2. c4 e6 3. g3 c5 4. d5 exd5 5. cxd5 d6 6. Nc3 g6 7. Bg2 Bg7 8. Nf3
O-O 9. O-O Re8 10. Bf4 a6 11. a4 Ne4 12. Nxe4 Rxe4 13. Nd2 Rb4 14. b3 Bxa1 15.
Qxa1 Qe7 16. Nc4 Rxc4 17. bxc4 Nd7 18. Rb1 Ne5 19. Bxe5 dxe5 20. a5 e4 21. Rb3
Bf5 22. e3 Rd8 23. Qb1 Rd7 24. Rb6 Qe5 25. h3 h5 26. Qb2 Qxb2 27. Rxb2 Kf8 28.
g4 hxg4 29. hxg4 Bxg4 30. Bxe4 Ke7 31. f3 f5 32. fxg4 fxe4 33. Rb6 Kf7 34. g5
Re7 35. Kg2 Kg7 36. Kg3 Rf7 37. Kg4 Re7 38. Kf4 Kf7 39. d6 Rd7 40. Ke5 Ke8 41.
Kxe4 Kf8 42. Kd5 Rf7 43. e4 Ke8 44. e5 Rf5 45. Rxb7 Rxg5 46. Ke6 1-0

[Event "6. Torneo IRT Móstoles 2013"]
[Site "Madrid ESP"]
[Date "2013.07.16"]
[Round "1.11"]
[White "Fernandez Sanchez, Lorenzo"]
[Black "Prada Lopez, Miguel Angel"]
[Result "1/2-1/2"]
[WhiteElo "1765"]
[BlackElo "2115"]
[PlyCount "114"]
[EventDate "2013.07.16"]
[EventType "swiss"]
[EventRounds "9"]
[EventCountry "ESP"]
[Source "lmi"]
[SourceDate "2013.07.15"]

1. e4 c5 2. Nf3 d6 3. d4 cxd4 4. Nxd4 Nf6 5. Nc3 g6 6. Be3 Bg7 7. Bc4 O-O 8.
Qd2 Nc6 9. O-O-O Ng4 10. Nxc6 bxc6 11. Bd4 Bh6 12. Be3 Nxe3 13. fxe3 Qb6 14.
Rde1 Rb8 15. Na4 Qb4 16. Qxb4 Rxb4 17. b3 Be6 18. Nb2 d5 19. exd5 cxd5 20. c3
Rbb8 21. Bd3 Rfc8 22. Kc2 Bg7 23. Nd1 Rc7 24. e4 Bxc3 25. Nxc3 d4 26. h4 Rxc3+
27. Kd2 h6 28. Rc1 Rxc1 29. Rxc1 a5 30. Rc7 a4 31. bxa4 Rb4 32. Bb5 Bxa2 33.
Rxe7 Bc4 34. Bxc4 Rxc4 35. Ra7 Kg7 36. e5 Kf8 37. Kd3 Rb4 38. a5 Ra4 39. g4 g5
40. hxg5 hxg5 41. a6 Ke8 42. Ke4 Kf8 43. Kf5 d3 44. Rd7 Rxa6 45. Rxd3 Rg6 46.
Rd7 Re6 47. Rd5 Kg7 48. Kxg5 Rxe5+ 49. Rxe5 f6+ 50. Kf5 fxe5 51. Kxe5 Kg6 52.
Kf4 Kf6 53. g5+ Kg6 54. Kg4 Kg7 55. Kf5 Kf7 56. g6+ Kg7 57. Kg5 Kg8 1/2-1/2

[Event "6. Torneo IRT Móstoles 2013"]
[Site "Madrid ESP"]
[Date "2013.07.16"]
[Round "1.12"]
[White "Sanchez Naranjo, Jose Manuel"]
[Black "Roldan Garcia, Angel"]
[Result "1/2-1/2"]
[WhiteElo "2110"]
[BlackElo "1753"]
[PlyCount "99"]
[EventDate "2013.07.16"]
[EventType "swiss"]
[EventRounds "9"]
[EventCountry "ESP"]
[Source "lmi"]
[SourceDate "2013.07.15"]

1. e4 c5 2. Nf3 e6 3. d4 cxd4 4. Nxd4 Nc6 5. Be3 Qc7 6. Bd3 a6 7. O-O b5 8. Nc3
Bb7 9. Qe2 Nf6 10. f4 Nxd4 11. Bxd4 Bc5 12. Bxc5 Qxc5+ 13. Kh1 O-O 14. e5 Nd5
15. Ne4 Qe7 16. a4 Nb4 17. axb5 Nxd3 18. Qxd3 axb5 19. Ng5 g6 20. Qxb5 Rab8 21.
Qd3 h6 22. Nh3 Qb4 23. Qa3 Qe4 24. Qg3 Qxc2 25. Nf2 h5 26. Qc3 Rfc8 27. Qd3
Qxd3 28. Nxd3 Be4 29. Nf2 Bd5 30. Rac1 Rxc1 31. Rxc1 Rxb2 32. Kg1 Kf8 33. Re1
Ke7 34. Ne4 Bxe4 35. Rxe4 d6 36. exd6+ Kxd6 37. Rd4+ Ke7 38. Ra4 Kf6 39. Ra5
Rb4 40. g3 Rb2 41. Rc5 Rd2 42. Ra5 Rd5 43. Ra2 g5 44. fxg5+ Rxg5 45. Kg2 h4 46.
Ra4 hxg3 47. hxg3 Kg6 48. Ra6 Re5 49. Kf3 Kg5 50. Ra8 1/2-1/2

[Event "6. Torneo IRT Móstoles 2013"]
[Site "Madrid ESP"]
[Date "2013.07.16"]
[Round "1.13"]
[White "Martin Lozano, Miguel Angel"]
[Black "Cabanas Bravo, Juan Andres"]
[Result "0-1"]
[WhiteElo "1741"]
[BlackElo "2091"]
[PlyCount "110"]
[EventDate "2013.07.16"]
[EventType "swiss"]
[EventRounds "9"]
[EventCountry "ESP"]
[Source "lmi"]
[SourceDate "2013.07.15"]

1. d4 Nf6 2. Nf3 g6 3. Bf4 Bg7 4. e3 O-O 5. Be2 c5 6. c3 Qb6 7. Qb3 Nc6 8. h3
d6 9. Nbd2 Na5 10. Qxb6 axb6 11. Bd3 Nd5 12. Bh2 Nc7 13. O-O Be6 14. Ng5 Bf5
15. e4 Bd7 16. d5 Bb5 17. Bxb5 Nxb5 18. f4 c4 19. e5 dxe5 20. fxe5 Rad8 21. d6
exd6 22. e6 fxe6 23. Rxf8+ Rxf8 24. Nxe6 Re8 25. Nxg7 Kxg7 26. a4 Re2 27. Rd1
Nc7 28. Bxd6 Nd5 29. Nf1 Nf6 30. Rd2 Re1 31. Kf2 Re6 32. Ng3 h5 33. h4 Nb3 34.
Rd1 Ng4+ 35. Kg1 Re3 36. Bf4 Rd3 37. Re1 Nc5 38. Be5+ Nxe5 39. Nxh5+ gxh5 40.
Rxe5 Kh6 41. a5 Rd1+ 42. Kh2 Na4 43. Re6+ Kg7 44. axb6 Rd2 45. Re7+ Kg6 46.
Rxb7 Rxb2 47. Rc7 Nxb6 48. Rc6+ Kf5 49. Rc5+ Kg4 50. Rg5+ Kxh4 51. Rg7 Nd5 52.
Kh1 Ne3 53. Kg1 Ng4 54. Kf1 Kg3 55. Re7 Rxg2 0-1

[Event "6. Torneo IRT Móstoles 2013"]
[Site "Madrid ESP"]
[Date "2013.07.16"]
[Round "1.14"]
[White "Gonzalez, Mateos Rafael"]
[Black "Martinez Miura, Enrique"]
[Result "1-0"]
[WhiteElo "2053"]
[BlackElo "1735"]
[PlyCount "37"]
[EventDate "2013.07.16"]
[EventType "swiss"]
[EventRounds "9"]
[EventCountry "ESP"]
[Source "lmi"]
[SourceDate "2013.07.15"]

1. d4 e6 2. Nf3 d5 3. c3 h6 4. Bf4 Nf6 5. Nbd2 Be7 6. e3 O-O 7. Ne5 c6 8. Bd3
Nbd7 9. Qc2 Nxe5 10. Bxe5 Nd7 11. Bf4 c5 12. O-O-O c4 13. Be2 b5 14. g4 Bb7 15.
h4 Bxh4 16. Nf3 Bf6 17. g5 Bxg5 18. Nxg5 f5 19. Nxe6 1-0

[Event "6. Torneo IRT Móstoles 2013"]
[Site "Madrid ESP"]
[Date "2013.07.16"]
[Round "1.15"]
[White "De Dompablo Fantova, Juan"]
[Black "Aziz Ortego, Omar Luis"]
[Result "0-1"]
[WhiteElo "1730"]
[BlackElo "2045"]
[PlyCount "36"]
[EventDate "2013.07.16"]
[EventType "swiss"]
[EventRounds "9"]
[EventCountry "ESP"]
[Source "lmi"]
[SourceDate "2013.07.15"]

1. e4 d5 2. exd5 Qxd5 3. Nc3 Qa5 4. d4 c6 5. Bd2 Bf5 6. Nf3 e6 7. Be2 Nf6 8.
O-O Qc7 9. Ne5 Nbd7 10. Nxd7 Qxd7 11. Bf4 O-O-O 12. Be3 h5 13. Na4 Bd6 14. c4
Qc7 15. h3 Ng4 16. hxg4 Bh2+ 17. Kh1 hxg4 18. Bxg4 Bg1+ 0-1

[Event "6. Torneo IRT Móstoles 2013"]
[Site "Madrid ESP"]
[Date "2013.07.16"]
[Round "1.16"]
[White "Lopez Gomez, Miguel"]
[Black "Amick, Cisneros"]
[Result "1-0"]
[WhiteElo "2042"]
[BlackElo "1717"]
[PlyCount "72"]
[EventDate "2013.07.16"]
[EventType "swiss"]
[EventRounds "9"]
[EventCountry "ESP"]
[Source "lmi"]
[SourceDate "2013.07.15"]

1. d4 Nf6 2. Nf3 g6 3. c4 Bg7 4. Nc3 O-O 5. e4 d6 6. Be2 e5 7. O-O a5 8. Bg5
Nbd7 9. Qc2 c6 10. Rfd1 Qc7 11. a3 h6 12. Bh4 Nh5 13. Be7 Nf4 14. Bxf8 Nxe2+
15. Qxe2 Nxf8 16. d5 Nd7 17. b4 Nf6 18. dxc6 bxc6 19. b5 Bb7 20. Qd3 Rd8 21. c5
d5 22. bxc6 Bxc6 23. Qa6 d4 24. Nxe5 Bxe4 25. Qb6 Qc8 26. Nxe4 Nxe4 27. Nc6 Re8
28. Re1 d3 29. Rad1 Qf5 30. f3 d2 31. Rxe4 Rxe4 32. fxe4 Qxe4 33. Qd8+ Kh7 34.
Qxd2 Qc4 35. Qd5 Qc2 36. Rf1 Kg8 1-0

[Event "6. Torneo IRT Móstoles 2013"]
[Site "Madrid ESP"]
[Date "2013.07.16"]
[Round "1.17"]
[White "Benitez Cadenas, Luis Miguel"]
[Black "Baeza Escudero, Javier"]
[Result "0-1"]
[WhiteElo "1708"]
[BlackElo "2028"]
[PlyCount "50"]
[EventDate "2013.07.16"]
[EventType "swiss"]
[EventRounds "9"]
[EventCountry "ESP"]
[Source "lmi"]
[SourceDate "2013.07.15"]

1. d4 Nf6 2. Nf3 e6 3. c4 Be7 4. g3 d5 5. Bg2 O-O 6. O-O dxc4 7. Qc2 a6 8. Qxc4
b5 9. Qc2 Bb7 10. Bf4 Bd6 11. Bxd6 cxd6 12. Nbd2 Nbd7 13. Rfc1 Rc8 14. Qb3 Qb6
15. a4 Ne4 16. axb5 axb5 17. Nxe4 Bxe4 18. Nd2 Bxg2 19. Kxg2 Rxc1 20. Rxc1 Qxd4
21. Rc7 Ne5 22. Qc2 Qb6 23. Ne4 Nc4 24. Ng5 g6 25. Re7 Qd8 0-1

[Event "6. Torneo IRT Móstoles 2013"]
[Site "Madrid ESP"]
[Date "2013.07.16"]
[Round "1.18"]
[White "Garcia-Ruiz Fuentes, Angel M"]
[Black "Lacaci Otero, Ivan"]
[Result "1-0"]
[WhiteElo "2004"]
[BlackElo "1708"]
[PlyCount "78"]
[EventDate "2013.07.16"]
[EventType "swiss"]
[EventRounds "9"]
[EventCountry "ESP"]
[Source "lmi"]
[SourceDate "2013.07.15"]

1. e4 c5 2. Nc3 d6 3. Nf3 g6 4. d4 cxd4 5. Nxd4 Bg7 6. Be3 Nc6 7. Nb3 a6 8. Nd5
Rb8 9. Bb6 Qd7 10. c3 e6 11. Ne3 Nge7 12. Be2 O-O 13. Bf3 Ne5 14. Be2 d5 15.
exd5 Nxd5 16. Nxd5 Qxd5 17. Qxd5 exd5 18. O-O-O Be6 19. f4 Nd7 20. Bd4 Nf6 21.
Bf3 Ne4 22. Rhe1 f5 23. Nc5 Rfe8 24. Nxe6 Rxe6 25. Bxg7 Kxg7 26. Rxd5 Rbe8 27.
Rd7+ R8e7 28. Rxe7+ Rxe7 29. Bxe4 fxe4 30. Kd2 Kf6 31. Ke3 Rd7 32. Re2 Kf5 33.
g3 Rd3+ 34. Kf2 h5 35. c4 h4 36. c5 h3 37. Rc2 Rd1 38. c6 bxc6 39. Rc5+ Rd5 1-0

[Event "6. Torneo IRT Móstoles 2013"]
[Site "Madrid ESP"]
[Date "2013.07.16"]
[Round "1.19"]
[White "Martin Garcia, Francisco Javie"]
[Black "Fuentes Arjona, Antonio"]
[Result "1/2-1/2"]
[WhiteElo "1706"]
[BlackElo "1997"]
[PlyCount "66"]
[EventDate "2013.07.16"]
[EventType "swiss"]
[EventRounds "9"]
[EventCountry "ESP"]
[Source "lmi"]
[SourceDate "2013.07.15"]

1. d4 Nf6 2. Nf3 e6 3. c4 d5 4. g3 dxc4 5. Bg2 Bb4+ 6. Bd2 Nc6 7. Bxb4 Nxb4 8.
Na3 O-O 9. Ne5 c5 10. O-O cxd4 11. Naxc4 Qc7 12. a3 Nc6 13. Nxc6 bxc6 14. Qxd4
c5 15. Qd6 Qxd6 16. Nxd6 Rb8 17. Nxc8 Rfxc8 18. b4 c4 19. Rfd1 g6 20. Rac1 Rc7
21. Rc3 e5 22. Rdc1 Rbc8 23. Kf1 Nd7 24. a4 Kg7 25. a5 f5 26. Bd5 Nf6 27. Be6
Ne4 28. Bxc8 Nxc3 29. Rxc3 Rxc8 30. b5 Rc5 31. b6 Rxa5 32. bxa7 Rxa7 33. Rxc4
Kf6 1/2-1/2

[Event "6. Torneo IRT Móstoles 2013"]
[Site "Madrid ESP"]
[Date "2013.07.16"]
[Round "1.20"]
[White "Cano Cabanillas, Javier"]
[Black "Engelbrecht, Kevin"]
[Result "1-0"]
[WhiteElo "1991"]
[BlackElo "1699"]
[PlyCount "69"]
[EventDate "2013.07.16"]
[EventType "swiss"]
[EventRounds "9"]
[EventCountry "ESP"]
[Source "lmi"]
[SourceDate "2013.07.15"]

1. e4 e5 2. Bc4 Nf6 3. d4 Nxe4 4. dxe5 c6 5. Bxf7+ Kxf7 6. Qf3+ Nf6 7. exf6
Qa5+ 8. Bd2 Qe5+ 9. Ne2 Qxf6 10. Qb3+ d5 11. O-O Bd6 12. Bb4 Bc7 13. Nd2 Re8
14. Ng3 Nd7 15. Rae1 Rxe1 16. Rxe1 Bb6 17. Nf3 Bc5 18. Bxc5 Nxc5 19. Qe3 Ne6
20. Nh5 Qf5 21. Ne5+ Kg8 22. Ng3 Qf4 23. Qa3 Qf8 24. Qc3 Ng5 25. Qb3 Qd6 26.
Qe3 h6 27. f4 Ne6 28. Kh1 Qc5 29. Qf3 Nd4 30. Qf2 Qb6 31. c3 Nf5 32. Qc2 Nxg3+
33. hxg3 Be6 34. Qg6 c5 35. f5 1-0

[Event "6. Torneo IRT Móstoles 2013"]
[Site "Madrid ESP"]
[Date "2013.07.16"]
[Round "1.21"]
[White "Martinez Gallardo, Javier"]
[Black "Angelina Vela, Carlos"]
[Result "0-1"]
[WhiteElo "1684"]
[BlackElo "1987"]
[PlyCount "118"]
[EventDate "2013.07.16"]
[EventType "swiss"]
[EventRounds "9"]
[EventCountry "ESP"]
[Source "lmi"]
[SourceDate "2013.07.15"]

1. e4 c6 2. d4 d5 3. exd5 cxd5 4. Bb5+ Bd7 5. Bxd7+ Nxd7 6. Nf3 Ngf6 7. O-O e6
8. Re1 Bd6 9. Bg5 Qb6 10. b3 Rc8 11. Ne5 O-O 12. Nxd7 Nxd7 13. h3 Qc7 14. c3 f6
15. Bc1 Rfe8 16. Bb2 Nf8 17. Nd2 Qd7 18. Rc1 Ng6 19. Nf3 b5 20. Re2 Rc6 21.
Rec2 Bf4 22. Ra1 Rec8 23. g3 Bd6 24. Rac1 Qc7 25. Qe2 Nf8 26. Kg2 a6 27. h4 Qa5
28. Nd2 Qc7 29. c4 dxc4 30. bxc4 bxc4 31. Rxc4 Rxc4 32. Nxc4 Qb7+ 33. Kh2 Qb5
34. Rc2 Qf5 35. Ne3 Rxc2 36. Qxc2 Qf3 37. Bc1 h5 38. Nc4 Bb8 39. Be3 Qg4 40.
Kg2 Ng6 41. Kf1 Ba7 42. Qd3 Ne7 43. Nd6 Nd5 44. Nc8 Nxe3+ 45. fxe3 Qf3+ 46. Ke1
Qxg3+ 47. Ke2 Qg2+ 48. Ke1 Bb8 49. Qxa6 Bg3+ 50. Kd1 Qg1+ 51. Kc2 Qf2+ 52. Kb1
Qxe3 53. Qc6 Qd3+ 54. Kb2 Qxd4+ 55. Kc2 Qf2+ 56. Kb1 Qe1+ 57. Kc2 Kh7 58. Ne7
Qe2+ 59. Kb3 Qd1+ 0-1

[Event "6. Torneo IRT Móstoles 2013"]
[Site "Madrid ESP"]
[Date "2013.07.16"]
[Round "1.22"]
[White "Pablos Tenrero, Raquel"]
[Black "Sancinena Arpide, Juan"]
[Result "1-0"]
[WhiteElo "1982"]
[BlackElo "1678"]
[PlyCount "73"]
[EventDate "2013.07.16"]
[EventType "swiss"]
[EventRounds "9"]
[EventCountry "ESP"]
[Source "lmi"]
[SourceDate "2013.07.15"]

1. e4 Nf6 2. e5 Nd5 3. c4 Nb6 4. d4 d6 5. exd6 exd6 6. Nc3 Be7 7. Be3 Nc6 8. b3
Bf5 9. Nf3 O-O 10. Be2 Nd7 11. O-O Nf6 12. Rc1 Ne4 13. Nd5 Bf6 14. Bd3 Ne7 15.
Bxe4 Bxe4 16. Nxf6+ gxf6 17. Nh4 Qd7 18. Bh6 Rfe8 19. Qh5 Bg6 20. Qf3 Nf5 21.
Nxf5 Bxf5 22. Qxb7 Be4 23. Qb4 Bxg2 24. Rc3 Re4 25. Rg3+ Rg4 26. Kxg2 Qf5 27.
Qb7 Re8 28. Qf3 Rxg3+ 29. hxg3 Qg6 30. Be3 Re4 31. Rh1 Qg4 32. Qxf6 Rxe3 33.
fxe3 Qe4+ 34. Qf3 Qc2+ 35. Qf2 Qe4+ 36. Kh2 Qg6 37. Rf1 1-0

[Event "6. Torneo IRT Móstoles 2013"]
[Site "Madrid ESP"]
[Date "2013.07.16"]
[Round "1.23"]
[White "Robles, Bryan"]
[Black "Fernandez Garcia, Javier"]
[Result "0-1"]
[WhiteElo "1664"]
[BlackElo "1980"]
[PlyCount "66"]
[EventDate "2013.07.16"]
[EventType "swiss"]
[EventRounds "9"]
[EventCountry "ESP"]
[Source "lmi"]
[SourceDate "2013.07.15"]

1. d4 d5 2. Nf3 Nf6 3. c4 e6 4. g3 c6 5. Bg2 dxc4 6. Qc2 b5 7. a4 Bb7 8. Ne5
Qxd4 9. Nf3 Qb6 10. Be3 Bc5 11. a5 Bb4+ 12. Nc3 Qc7 13. Bf4 Bd6 14. Bg5 Nbd7
15. a6 Bc8 16. e4 O-O 17. O-O h6 18. Bxf6 Nxf6 19. e5 Bxe5 20. Nxe5 Qxe5 21.
Bxc6 Rb8 22. Rfe1 Qc5 23. Bg2 Qb6 24. Re5 Bxa6 25. Ne4 Nxe4 26. Qxe4 Bb7 27.
Qg4 Bxg2 28. Kxg2 Rbd8 29. Rh5 Qb7+ 30. Kh3 Kh7 31. Re1 Rd2 32. Qf4 Rfd8 33.
Ree5 Rxb2 0-1